000
00306nam a22001337a 4500
003
SGT
020
_a
978-0-385-33903-2
082
_a
302.23
_b
T05F
100
_a
FIELD, SYD.
245
_a
THE FOUNDATIONS OF SCREENWRITING
260
_a
NEW YORK
_b
BANTAM DELL
_c
2005
300
_a
319
942
_2
ddc
_c
BK
_0
2
999
_c
17072
_d
17072